Statistics for THE 500 QUIZ !

Click here to take the quiz!

General Stats

  • This quiz has been taken 29 times
  • The average score is 5 of 15

Answer Stats

QuestionAnswer% Correct
There is a film called "500 Days of ...." what ?Summer
81%
Who would walk 500 miles ?The Proclaimers
81%
Which car manufacturer makes a 500 car ?Fiat
73%
Scotland has a motoring route known as the NC500. What does the NC stand for ?North Coast
54%
In 500 BC Darius I of Persia proclaims that which language will be the official language of the western half of his empire ?Aramaic
46%
What is 500 in Roman numerals ?D
38%
In the 500th episode of the Simpsons, the chalkboard gag "Bart's earned a day off" is written by which character ?Milhouse
31%
Which capital city celebrated it's 500th anniversary on 16th November 2019 ?Havana
23%
According to IMDb.com ( The Internet Movie Database) what is the 500th best film in their Top 1000 films ?Being John Malkovich
19%
Which animal name is cockney slang for £500 ?Monkey
19%
The A500 road in the UK was originally built as a relief road for which city ?Stoke on Trent
19%
500 AD is the approximate year of the founding of which Kingdom ?Essex
15%
Which European Capital is closest to 500 kilometres from London ? (Straight Line Distance)Luxembourg
15%
Which European capital city is closest to 500 miles from London ? (Straight Line Distance)Vaduz
15%
Most Nascar races are sponsored nowadays. Which of one of these companies sponsors a 500 race ?Food City
8%

Score Distribution

Percentile by Number Answered

Percent of People with Each Score

Your Score History

You have not taken this quiz